00420cam a2200157ua 45000010005000000080039000050400009000440410008000530820013000611000034000742450060001082500012001682600053001803000009002336530020002429914161012n ii |||gr||||Z||||||asm cMAIN aasm a891.4511 aChangmai, Dipanjali,eAuthor. aNilimar sipare hepahor nodikhonicBy Dipanjali Changmai a1st ed. aDibrugarh:bDibrugarh jila sahitya sabha,c2016. a48p. aAssamese poetry